000
00316nam a2200133Ia 4500
005
20251222141935.0
008
251222s9999||||xx |||||||||||||| ||spa||
020
_a
84-7584-289-5
082
_a
372.6/L26
100
_a
Rodríguez, María Luisa
245
0
_a
Déjame Que Te Cuente:
264
_b
Laertes
942
_c
LIB
999
_c
9151
_d
9151